Factibilidad técnica y económica de la utilización de machos boer como alternativa de producción de carne en sistemas caprinos

Збережено в:
Бібліографічні деталі
Автори: Contreras Seguel, Cornelio Ismael (Автор), Rojas Olivares, Alejandra (Автор), Menes Rojas, Raúl (Автор)
Формат: Книга
Мова:Іспанська
Опубліковано: La Serena Instituto de Investigaciones Agropecuarias 2006
Серія:Boletín INIA, 138
Предмети:
Теги: Додати тег
Немає тегів, Будьте першим, хто поставить тег для цього запису!

MARC

LEADER 00000nam a2200000 a 4500
001 UCI4673
003 CL-VaPUC
008 080125e20060000CL |||||||||||||||||spa|d
082 0 4 |a 636.391  |b CON  |2 21 
100 0 |a Contreras Seguel, Cornelio Ismael  |e author  |9 526694 
700 0 |a Rojas Olivares, Alejandra  |e author  |9 526695 
700 0 |a Menes Rojas, Raúl  |e author  |9 526696 
245 1 0 |a Factibilidad técnica y económica de la utilización de machos boer como alternativa de producción de carne en sistemas caprinos 
300 |a 59 p 
942 |c BK 
945 |d 20080125 00:00:00  |a jtorresc 
260 |a La Serena  |b Instituto de Investigaciones Agropecuarias  |c 2006 
650 7 |a CABRAS  |2 CL-VaPUC  |9 264456 
650 0 |a Industria alimentaria  |9 331702 
650 7 |a ELABORACION DE ALIMENTOS  |2 CL-VaPUC  |9 352336 
650 0 |a Marketing  |9 259324 
650 7 |a IDUSTRIA GANADERA  |2 CL-VaPUC  |9 526697 
650 0 |a Análisis económico  |9 259939 
583 |a last modification  |c 20121219 12:33:34  |k Rodrigo Vera 
490 0 |a Boletín INIA, 138 
999 |c 328568  |d 328566 
952 |0 0  |1 0  |4 0  |6 636_391000000000000_CON_2006  |7 0  |8 A  |9 412526  |a BIBAGR  |b BIBAGR  |d 2019-11-22  |i 4406095  |o 636.391 CON 2006  |p 4406095  |r 2025-01-20  |w 2019-11-22  |y BK  |k AGR 
952 |0 0  |1 0  |4 0  |6 636_391000000000000_CON_2006  |7 0  |8 A  |9 412527  |a BIBAGR  |b BIBAGR  |d 2019-11-22  |i 4406109  |o 636.391 CON 2006  |p 4406109  |r 2025-01-20  |w 2019-11-22  |y BK  |k AGR